| 000 | 00656nam a2200181 i 4500 | ||
|---|---|---|---|
| 001 | 72954 | ||
| 003 | ES-MaACL | ||
| 005 | 20231214201620.0 | ||
| 007 | t| | ||
| 008 | 040903s1960 sp ||||1| spa d | ||
| 100 | 1 |
_aGómez-Santos, Marino, _d1930-2020 _958158 |
|
| 245 | 1 | 0 |
_aMundo aparte _b: entrevistas con la Duquesa de Alba, Salvador Dalí, Antonio Rafael "El Gallo", Agustín de Foxá / _cMarino Gómez-Santos ; prólogo de Eugenio Montes. |
| 260 |
_aMadrid : _bAguilar, _c1960. |
||
| 300 |
_a283 p. : _bil. ; _c21 cm. |
||
| 700 | 1 |
_aMontes, Eugenio, _d1897-1982 _9227206 |
|
| 852 |
_aES-MaACL _jC-18350 _bR.46559 |
||
| 999 |
_c72954 _d72954 |
||